Management of the Cleft Patient (Record no. 18325)

MARC details
000 -LEADER
fixed length control field 00390nam a22001457a 4500
003 - CONTROL NUMBER IDENTIFIER
control field SGT
020 ## - INTERNATIONAL STANDARD BOOK NUMBER
International Standard Book Number 9780323444774
082 ## - DEWEY DECIMAL CLASSIFICATION NUMBER
Classification number 617.525
Item number M16K
100 ## - MAIN ENTRY--PERSONAL NAME
Personal name Kevin Smith
245 ## - TITLE STATEMENT
Title Management of the Cleft Patient
260 ## - PUBLICATION, DISTRIBUTION, ETC. (IMPRINT)
Place of publication, distribution, etc Philadelphia, United States
Name of publisher, distributor, etc Elsevier - Health Sciences Division
Year of Publication 2016
300 ## - PAGE DESCRIPTION
No. of Pages 145-232
650 ## - SUBJECT ADDED ENTRY--TOPICAL TERM
Topical term or geographic name as entry element Oral and Maxillofacial Surgery
942 ## - ADDED ENTRY ELEMENTS (KOHA)
Source of classification or shelving scheme Dewey Decimal Classification
Koha item type Books
Holdings
Withdrawn status Lost status Source of classification or shelving scheme Damaged status Not for loan Home library Current library Shelving location Date acquired Vendor Name Volume Information (Serial or Books or Non-Book Material) SGTU Total Checkouts Full call number Accession No. (Barcode) Date last seen Bill Date Koha item type
    Dewey Decimal Classification     SGT Dental Library SGT Dental Library Reference Book 19/06/2019 AHUJA SUBSCRIPTION AGENCY 28.2 SGTU   617.525 M16K FD8082 19/06/2019 19/06/2019 Books